Sučasni doslidžennja evropejs'kich političnich kuľtur
Enregistré dans:
| Auteur principal: | |
|---|---|
| Autres auteurs: | |
| Format: | Chapitre de livre |
| Langue: | ukrainien |
| Tags: |
Pas de tags, Soyez le premier à ajouter un tag!
|
MARC
| LEADER | 00000naa a2200000 4500 | ||
|---|---|---|---|
| 001 | 0200253 | ||
| 005 | 20240502083509.1 | ||
| 041 | 0 | |a ukr | |
| 044 | |a UA | ||
| 245 | 1 | 0 | |a Sučasni doslidžennja evropejs'kich političnich kuľtur |c Silvia Miháliková, Tetyana Zubro |
| 100 | 1 | |a Miháliková, Silvia | |
| 700 | 1 | |a Zubro, Tetyana, 1975- | |